| 000 | 01178cam a2200313 i 4500 | ||
|---|---|---|---|
| 001 | 25077 | ||
| 003 | Mx-PuUPA | ||
| 005 | 20250319122604.0 | ||
| 008 | 140415s1969 nyuaoe fr 001 0 eng d | ||
| 020 | _a81090179X | ||
| 040 |
_aMx-PuUPA _bspa _cMx-PuUPA _dMx-PuUPA _erda |
||
| 041 | 0 | _aeng | |
| 100 | 1 |
_aJanson, H. W., _q(Horst Woldemar), _d1913-1982 _eautor _916797 |
|
| 245 | 1 | 0 |
_aHistory of art : _ba surver of the major visual arts from the dawn of history to the present day / _cH.W. Janson with Dora Jane Janson |
| 250 | _aRevised and enlarged | ||
| 264 | 1 |
_aNew York : _bHarry N. Abrams, _c1969 |
|
| 300 |
_a616 páginas : _bilustraciones, planos, fotografĂas (algunas a color) ; _c30 cm |
||
| 336 |
_2rdacontent _atexto _btxt |
||
| 336 |
_2rdacontent _aimagen fija _bsti |
||
| 337 |
_2rdamedia _asin medio _bn |
||
| 338 |
_2rdacarrier _avolumen _bnc |
||
| 500 | _aReimpresiones: (Seventeenth Printing, december, 1971) | ||
| 650 | 7 |
_2armarc _aArte _xHistoria |
|
| 700 | 1 |
_aJanson, Dora Jane, _eautor |
|
| 942 |
_2ddc _cLI _h709 _iJ33 |
||
| 999 |
_c25077 _d25077 |
||